A minősített követelések

Elmentve itt :
Bibliográfiai részletek
Szerző: Nagy Balázs
További közreműködők: Nagy László (Témavezető)
Dokumentumtípus: Szakdolgozat
Megjelent: 2002
Tárgyszavak:
Online Access:http://diploma.bibl.u-szeged.hu/4513
LEADER 00514nta a2200157 i 4500
001 dipl4513
005 20130314073535.0
008 110628s2002 hu om 0|| zxx d
040 |a SZTE Diploma Repozitórium  |b hun 
041 |a zxx 
100 1 |a Nagy Balázs 
245 1 2 |a A minősített követelések  |h [elektronikus dokumentum] /  |c Balázs Nagy 
260 |c 2002 
650 4 |a Gazdaságtudományok 
700 1 |a Nagy László   |e ths 
856 4 0 |u http://diploma.bibl.u-szeged.hu/id/eprint/4513/1/szakdolgozat.pdf  |z Dokumentum-elérés